[Event "M.Tal memorial"]
[Site "Moscow RUS"]
[Date "1992.??.??"]
[Round "?"]
[White "Arkhipov, Sergei"]
[Black "Epishin, Vladimir"]
[Result "1/2-1/2"]
[WhiteElo "2515"]
[BlackElo "2620"]
[EventDate "1992.08.23"]
[PlyCount "70"]

1.c4 e5 2.g3 Nc6 3.Bg2 Nf6 4.Nf3 Bc5 5.O-O d6 6.d3 h6 7.a3 a5 8.Nc3 O-O 9.
Rb1 Be6 10.Nd2 Qd7 11.Nd5 Bxd5 12.cxd5 Ne7 13.e4 c6 14.b4 axb4 15.axb4 Ba7
16.dxc6 bxc6 17.Nb3 Rab8 18.Bd2 Ng6 19.Ra1 Rfe8 20.Ra3 Bb6 21.h3 h5 22.h4 
Ra8 23.Rxa8 Rxa8 24.Na5 Ng4 25.Qf3 Ne7 26.Nc4 Bd4 27.Be3 Bxe3 28.Nxe3 Nf6 
29.Rb1 Ra2 30.Qd1 Qa7 31.Bf3 g6 32.Nc2 Qa4 33.Ne3 Qa7 34.Nc2 Qa4 35.Ne3 
Qa7 1/2-1/2

[Event "M.Tal memorial"]
[Site "Moscow RUS"]
[Date "1992.??.??"]
[Round "?"]
[White "Arkhipov, Sergei"]
[Black "Razuvaev, Yury"]
[Result "1-0"]
[WhiteElo "2515"]
[BlackElo "2575"]
[EventDate "1992.08.23"]
[PlyCount "193"]

1.c4 Nf6 2.Nc3 e5 3.g3 Bb4 4.Bg2 O-O 5.Nf3 Nc6 6.Nd5 Bc5 7.O-O e4 8.Nh4 
Re8 9.d3 exd3 10.Qxd3 Ne5 11.Qc3 c6 12.Be3 cxd5 13.Bxc5 d6 14.Bd4 Ne4 15.
Qc1 Nxc4 16.b3 Ne5 17.Qb2 Qe7 18.Rad1 Bd7 19.Rfe1 f6 20.Qa1 Ng6 21.Nf3 a5 
22.Nd2 a4 23.Qb2 Ra6 24.Nf1 axb3 25.axb3 Rea8 26.Ne3 Be6 27.f3 Ra2 28.Ra1 
Rxa1 29.Rxa1 Rxa1+ 30.Qxa1 Nc5 31.Qa3 Ne5 32.f4 Nc6 33.Nxd5 Qf8 34.Bf2 f5 
35.Nc7 Bf7 36.Nb5 Ne4 37.Bxe4 fxe4 38.Nxd6 h6 39.Bc5 Bd5 40.Nxb7 Qf7 41.
Nd6 Qh5 42.Qa6 Kh7 43.Qb5 Ne7 44.Be3 Qg4 45.Kg2 h5 46.h3 Qe6 47.Nc4 Nf5 
48.g4 hxg4 49.hxg4 Nd4 50.f5 Nxb5 51.fxe6 Bxe6 52.g5 Nc3 53.Kf1 Bg4 54.Ke1
Be6 55.Kd2 Nb5 56.Kc2 Kg6 57.Nd2 Kf5 58.b4 g6 59.Kb2 Bd5 60.Nf1 Ke5 61.Ng3
Bc4 62.Kc2 Be6 63.Bd2 Bc4 64.e3 Kd5 65.Kb2 Nd6 66.Bc3 Bb5 67.Bd4 Bc4 68.
Kc2 Nb5 69.Bf6 Nd6 70.Kc3 Nb5+ 71.Kd2 Bd3 72.Nh1 Nd6 73.Nf2 Bb5 74.Bd4 Nf5
75.Bc5 Nh4 76.Kc3 Nf3 77.Be7 Nh4 78.Bf6 Bd7 79.Kb3 Nf5 80.Nd1 Nd6 81.Nc3+ 
Ke6 82.Ne2 Be8 83.Kc3 Nf5 84.Nf4+ Kd6 85.Bd4 Kc6 86.Bc5 Bf7 87.Ne2 Be6 88.
Kb2 Bc4 89.Nc3 Ng3 90.Bd4 Bd3 91.Na4 Kd5 92.Kb3 Ne2 93.Bc5 Bb5 94.Nb6+ Ke6
95.Nc8 Nc1+ 96.Kc3 Nd3 97.Kd4 1-0

[Event "M.Tal memorial"]
[Site "Moscow RUS"]
[Date "1992.??.??"]
[Round "?"]
[White "Belov, Igor"]
[Black "Vyzhmanavin, Alexei"]
[Result "0-1"]
[WhiteElo "2435"]
[BlackElo "2590"]
[EventDate "1992.08.23"]
[PlyCount "108"]

1.Nf3 f5 2.g3 Nf6 3.Bg2 g6 4.b3 Bg7 5.Bb2 d6 6.d4 O-O 7.O-O Qe8 8.c4 Na6 
9.Nbd2 e5 10.dxe5 Ng4 11.Ba3 Nxe5 12.Rc1 Nc5 13.Nxe5 Qxe5 14.Nf3 Qe7 15.e3
a5 16.Qc2 Bd7 17.Nd4 Ne4 18.Rfe1 Rae8 19.Bb2 Qe5 20.Ba1 Qc5 21.Nf3 Bxa1 
22.Rxa1 b5 23.Rac1 b4 24.Nd4 Re7 25.Qd3 Qe5 26.Nf3 Qg7 27.Qd5+ Be6 28.Qd4 
c5 29.Qxg7+ Kxg7 30.Rc2 a4 31.Nd2 Nf6 32.a3 axb3 33.Nxb3 bxa3 34.Ra1 Ra7 
35.Nd2 Rb8 36.Rca2 Rb4 37.Rxa3 Rxa3 38.Rxa3 Bxc4 39.Nxc4 Rxc4 40.Ra7+ Kf8 
41.Bf3 g5 42.Kf1 Rc1+ 43.Ke2 g4 44.Bg2 d5 45.h3 h5 46.h4 Rg1 47.Bf1 c4 48.
Rc7 Ne4 49.Rh7 c3 50.Rc7 Ke8 51.Rb7 Kd8 52.Ra7 Rxf1 53.Kxf1 c2 54.Ra1 Nd2+
0-1

[Event "M.Tal memorial"]
[Site "Moscow RUS"]
[Date "1992.??.??"]
[Round "?"]
[White "Chekhov, Valery"]
[Black "Epishin, Vladimir"]
[Result "1/2-1/2"]
[WhiteElo "2550"]
[BlackElo "2620"]
[EventDate "1992.08.23"]
[PlyCount "23"]

1.Nf3 d6 2.d4 Bg4 3.e4 Nf6 4.Nc3 e6 5.h3 Bh5 6.Be2 Be7 7.Be3 O-O 8.O-O d5 
9.exd5 Nxd5 10.Nxd5 exd5 11.Ne5 Bxe2 12.Qxe2 1/2-1/2

[Event "M.Tal memorial"]
[Site "Moscow RUS"]
[Date "1992.??.??"]
[Round "?"]
[White "Chekhov, Valery"]
[Black "Malaniuk, Vladimir"]
[Result "1/2-1/2"]
[WhiteElo "2550"]
[BlackElo "2550"]
[EventDate "1992.08.23"]
[PlyCount "56"]

1.d4 f5 2.Bg5 h6 3.Bh4 g5 4.e3 Nf6 5.Bg3 d6 6.h4 Rg8 7.hxg5 hxg5 8.Nd2 e6 
9.c3 Qe7 10.Qc2 Nc6 11.Bd3 Bd7 12.Ne2 Bg7 13.Nf3 Ng4 14.d5 Nce5 15.dxe6 
Nxd3+ 16.Qxd3 Bxe6 17.Ned4 Bxd4 18.Nxd4 O-O-O 19.Nxf5 Qf7 20.Nd4 Rh8 21.
O-O-O Bxa2 22.Rxh8 Rxh8 23.Nb5 Nxf2 24.Bxf2 Qxf2 25.Rf1 Qxg2 26.Qf5+ Kd8 
27.Nxa7 Rh1 28.Qc8+ Ke7 1/2-1/2

[Event "M.Tal memorial"]
[Site "Moscow RUS"]
[Date "1992.??.??"]
[Round "?"]
[White "Chekhov, Valery"]
[Black "Vyzhmanavin, Alexei"]
[Result "1/2-1/2"]
[WhiteElo "2550"]
[BlackElo "2590"]
[EventDate "1992.08.23"]
[PlyCount "71"]

1.d4 f5 2.Bg5 g6 3.Nd2 Bg7 4.e4 fxe4 5.Nxe4 d5 6.Nc5 Qd6 7.Nf3 Nf6 8.Nd3 
O-O 9.Bf4 Qb6 10.c3 Bf5 11.Qb3 c6 12.Be2 Nbd7 13.O-O Ne4 14.Rfe1 Rae8 15.
Nfe5 Ndf6 16.f3 Nd6 17.Qxb6 axb6 18.g4 Bxd3 19.Nxd3 Nd7 20.Bf1 Nc4 21.b3 
Na3 22.Rac1 c5 23.Kg2 c4 24.bxc4 dxc4 25.Ne5 Nxe5 26.Bxe5 Bh6 27.Rb1 Bd2 
28.Red1 Bxc3 29.Rxb6 Rc8 30.Rxb7 Rf7 31.Kg3 e6 32.Rxf7 Kxf7 33.Bd6 Bb2 34.
Bxa3 Bxa3 35.Rd2 Bd6+ 36.Kg2 1/2-1/2

[Event "M.Tal memorial"]
[Site "Moscow RUS"]
[Date "1992.??.??"]
[Round "?"]
[White "Danielian, Oganes"]
[Black "Gorbatov, Alexei"]
[Result "1-0"]
[WhiteElo "2315"]
[BlackElo "2380"]
[EventDate "1992.08.23"]
[PlyCount "47"]

1.d4 Nf6 2.c4 e6 3.Nf3 b6 4.g3 Bb7 5.Bg2 Be7 6.O-O O-O 7.Nc3 Ne4 8.Bd2 f5 
9.Qc2 Qc8 10.d5 Nd6 11.b3 Na6 12.Bf4 Nf7 13.Rad1 Bf6 14.e4 g6 15.Rfe1 Nb4 
16.Qd2 a6 17.e5 Bg7 18.Ng5 Nxg5 19.Bxg5 Re8 20.Bf6 Bf8 21.h4 h5 22.dxe6 
dxe6 23.Bxb7 Qxb7 24.Qg5 1-0

[Event "M.Tal memorial"]
[Site "Moscow RUS"]
[Date "1992.??.??"]
[Round "?"]
[White "Danielian, Oganes"]
[Black "Sokolov, Andrei"]
[Result "0-1"]
[WhiteElo "2315"]
[BlackElo "2565"]
[EventDate "1992.08.23"]
[PlyCount "50"]

1.d4 Nf6 2.c4 e6 3.Nf3 b6 4.g3 Ba6 5.Qa4 Bb7 6.Bg2 c5 7.dxc5 bxc5 8.O-O 
Be7 9.Nc3 O-O 10.Rd1 Qb6 11.Bf4 a6 12.Qb3 Qa7 13.Rd2 Nc6 14.Ne5 Nxe5 15.
Bxe5 Bxg2 16.Kxg2 Ng4 17.Bf4 g5 18.Rad1 d5 19.h3 Nxf2 20.Kxf2 gxf4 21.gxf4
Bh4+ 22.Kg2 Rab8 23.Qc2 d4 24.Kh2 f5 25.b3 Kh8 0-1

[Event "M.Tal memorial"]
[Site "Moscow RUS"]
[Date "1992.??.??"]
[Round "?"]
[White "Danielian, Oganes"]
[Black "Yilmaz, Turhan"]
[Result "0-1"]
[WhiteElo "2315"]
[BlackElo "2390"]
[EventDate "1992.08.23"]
[PlyCount "80"]

1.d4 f5 2.Bg5 d5 3.e3 Nf6 4.Bxf6 exf6 5.c4 Be6 6.cxd5 Bxd5 7.Nc3 Bf7 8.Qf3
Qc8 9.Bd3 g6 10.Nge2 Nd7 11.h4 h5 12.O-O c6 13.e4 fxe4 14.Qxe4+ Be7 15.Nf4
f5 16.Qe3 Kf8 17.Qg3 Rg8 18.Nh3 Qb8 19.Qe3 Bf6 20.Ng5 Bxg5 21.Qxg5 Rg7 22.
g3 Qd6 23.Rad1 Nf6 24.Rfe1 Ng4 25.Bf1 Re8 26.Bh3 Rxe1+ 27.Rxe1 Nf6 28.Re5 
Kg8 29.Qf4 Qd8 30.Bg2 Kh7 31.Bf3 Bg8 32.Qg5 Rd7 33.Ne2 Bxa2 34.Nf4 Bf7 35.
Ne6 Bxe6 36.Rxe6 Rd6 37.Bxh5 gxh5 38.Qxf5+ Kg7 39.Re5 Kf7 40.Qg5 Rd5 0-1

[Event "M.Tal memorial"]
[Site "Moscow RUS"]
[Date "1992.??.??"]
[Round "?"]
[White "Dolmatov, Sergei"]
[Black "Chekhov, Valery"]
[Result "1/2-1/2"]
[WhiteElo "2595"]
[BlackElo "2550"]
[EventDate "1992.08.23"]
[PlyCount "98"]

1.e4 c5 2.Nf3 e6 3.d4 cxd4 4.Nxd4 Nf6 5.Nc3 Nc6 6.Nxc6 bxc6 7.e5 Nd5 8.Ne4
Qc7 9.f4 Qa5+ 10.Qd2 Qb6 11.Bd3 f5 12.exf6 Nxf6 13.Nxf6+ gxf6 14.Qe2 Kd8 
15.Be3 Bc5 16.Bxc5 Qxc5 17.O-O-O Rb8 18.c3 Kc7 19.Rhe1 d6 20.g4 h5 21.h3 
Bd7 22.Bc4 hxg4 23.hxg4 d5 24.Bb3 Rbg8 25.Rg1 Rh7 26.Rdf1 Kb7 27.Bd1 Rhg7 
28.Kb1 Qd6 29.Qf2 Rh8 30.g5 Qe7 31.gxf6 Qxf6 32.Rxg7 Qxg7 33.Be2 Be8 34.a4
Bg6+ 35.Ka2 Bf5 36.Qc5 Qf8 37.Qa5 Qd6 38.Qa6+ Kb8 39.Rg1 Qc7 40.a5 Rd8 41.
Bd1 d4 42.cxd4 Rxd4 43.Rg8+ Rd8 44.Rxd8+ Qxd8 45.Bf3 Bd3 46.Qxc6 Qxa5+ 47.
Kb3 Qb5+ 48.Qxb5+ Bxb5 49.Kb4 Bd7 1/2-1/2

[Event "M.Tal memorial"]
[Site "Moscow RUS"]
[Date "1992.??.??"]
[Round "?"]
[White "Dolmatov, Sergei"]
[Black "Muhutdinov, Marat"]
[Result "1/2-1/2"]
[WhiteElo "2595"]
[BlackElo "2440"]
[EventDate "1992.08.23"]
[PlyCount "106"]

1.e4 c5 2.Nf3 d6 3.d4 cxd4 4.Nxd4 Nf6 5.Nc3 a6 6.Be2 Nbd7 7.Be3 Nc5 8.f3 
e6 9.Nb3 Qc7 10.Nxc5 dxc5 11.Qd2 Be7 12.a4 O-O 13.O-O Rd8 14.Qe1 b6 15.Qf2
Bb7 16.Rfd1 Rxd1+ 17.Rxd1 h6 18.g3 Rd8 19.Rxd8+ Qxd8 20.Qf1 Qc8 21.Nb1 Ne8
22.Nd2 Nd6 23.c3 Bg5 24.f4 Bd8 25.Bf3 f5 26.e5 Bxf3 27.Qxf3 Nb7 28.Qe2 Na5
29.b3 Be7 30.h4 Qd7 31.h5 b5 32.axb5 axb5 33.c4 bxc4 34.bxc4 Kf7 35.Kf2 
Nc6 36.Nb3 Nb4 37.Nd2 Nd3+ 38.Kg2 Qb7+ 39.Kh2 Nb4 40.g4 Qa8 41.gxf5 exf5 
42.Qg2 Qa6 43.Qg1 Qc6 44.Qb1 g6 45.Kg3 Ke6 46.hxg6 Qe8 47.Qh1 Qxg6+ 48.Kf2
h5 49.Qb7 Qg4 50.Nf3 Bh4+ 51.Kf1 Qh3+ 52.Kg1 Qg3+ 53.Kf1 Qh3+ 1/2-1/2

[Event "M.Tal memorial"]
[Site "Moscow RUS"]
[Date "1992.??.??"]
[Round "?"]
[White "Dolmatov, Sergei"]
[Black "Nikolaev, Sergei"]
[Result "1-0"]
[WhiteElo "2595"]
[BlackElo "2425"]
[EventDate "1992.08.23"]
[PlyCount "55"]

1.e4 c5 2.Nf3 e6 3.d4 cxd4 4.Nxd4 Nf6 5.Nc3 Nc6 6.Ndb5 Bb4 7.a3 Bxc3+ 8.
Nxc3 d5 9.exd5 exd5 10.Bd3 d4 11.Ne2 O-O 12.O-O Qd5 13.c4 dxc3 14.Nxc3 Qa5
15.Bf4 Bg4 16.Qb1 h6 17.h3 Be6 18.Nb5 Nd5 19.Bg3 Rad8 20.Bd6 Rfe8 21.b4 
Qa4 22.Bg3 Re7 23.Nd6 Nc3 24.Qb2 Qb3 25.Qxb3 Bxb3 26.Rfc1 Na2 27.Re1 Be6 
28.Be4 1-0

[Event "M.Tal memorial"]
[Site "Moscow RUS"]
[Date "1992.??.??"]
[Round "?"]
[White "Donchenko, Anatoly"]
[Black "Zakharov, Alexander"]
[Result "1-0"]
[WhiteElo "2380"]
[BlackElo "2380"]
[EventDate "1992.08.23"]
[PlyCount "89"]

1.c4 e5 2.g3 Nf6 3.Bg2 Nc6 4.a3 g6 5.Nc3 Bg7 6.b4 O-O 7.d3 d6 8.Rb1 a6 9.
a4 a5 10.b5 Nb4 11.Nf3 c5 12.O-O h6 13.Ne1 d5 14.cxd5 Nfxd5 15.Nxd5 Nxd5 
16.Bb2 b6 17.Nf3 Re8 18.Nd2 Be6 19.Nc4 Qc7 20.Qc1 Rad8 21.Ba1 Ne7 22.Qc2 
Nf5 23.e3 Bc8 24.Rbd1 Nd6 25.Bc6 Re7 26.e4 Nxc4 27.dxc4 Bg4 28.Rxd8+ Qxd8 
29.f3 Be6 30.Rd1 Qc7 31.Qd3 Kh7 32.Bc3 f5 33.Kg2 Rf7 34.Qd6 Bxc4 35.Qxc7 
Rxc7 36.Rd8 Bb3 37.Rb8 Bxa4 38.Rxb6 Ra7 39.Rb8 Re7 40.Ra8 fxe4 41.fxe4 Rf7
42.Rxa5 Bd1 43.b6 Bf3+ 44.Kg1 h5 45.Ra7 1-0

[Event "M.Tal memorial"]
[Site "Moscow RUS"]
[Date "1992.??.??"]
[Round "?"]
[White "Dvoirys, Semen"]
[Black "Salov, Sergei"]
[Result "1-0"]
[WhiteElo "2515"]
[BlackElo "2235"]
[EventDate "1992.08.23"]
[PlyCount "61"]

1.e4 c5 2.Nf3 Nc6 3.d4 cxd4 4.Nxd4 Qc7 5.Nc3 e6 6.f4 a6 7.Nf3 d6 8.Bd3 Nf6
9.O-O Be7 10.Qe2 O-O 11.a3 b5 12.Kh1 Bb7 13.Bd2 Nd7 14.b4 Bf6 15.Rae1 Rae8
16.Nd1 Nb6 17.e5 Bd8 18.Nf2 f5 19.exf6 gxf6 20.Ne4 Nd5 21.c4 bxc4 22.Bxc4 
Nb8 23.Nd4 Kh8 24.Qd3 Nxb4 25.Bxb4 d5 26.Bxf8 dxc4 27.Qg3 Rxf8 28.Nxe6 Qe7
29.Nxf8 Bxe4 30.f5 Bc7 31.Rxe4 1-0

[Event "M.Tal memorial"]
[Site "Moscow RUS"]
[Date "1992.??.??"]
[Round "?"]
[White "Epishin, Vladimir"]
[Black "Muhutdinov, Marat"]
[Result "1-0"]
[WhiteElo "2620"]
[BlackElo "2440"]
[EventDate "1992.08.23"]
[PlyCount "53"]

1.d4 e6 2.c4 b6 3.a3 Bb7 4.Nc3 f5 5.d5 Nf6 6.g3 g6 7.Bg2 Bg7 8.Nh3 O-O 9.
O-O Na6 10.Qc2 Nc5 11.Be3 exd5 12.cxd5 Nce4 13.Rfd1 Re8 14.Rac1 Rc8 15.
Nxe4 Nxe4 16.b4 Qf6 17.Bd4 Qd6 18.e3 Bxd4 19.Rxd4 Re5 20.Rcd1 Qf6 21.f4 
Re7 22.Bxe4 fxe4 23.Nf2 c5 24.Rxe4 cxb4 25.Qb3 Rc3 26.Qxb4 Rxe3 27.Ng4 1-0

[Event "M.Tal memorial"]
[Site "Moscow RUS"]
[Date "1992.??.??"]
[Round "?"]
[White "Filipenko, Alexander"]
[Black "Podgaets, Mikhail"]
[Result "0-1"]
[WhiteElo "2375"]
[BlackElo "2450"]
[EventDate "1992.08.23"]
[PlyCount "80"]

1.e4 e5 2.Nf3 Nc6 3.Bb5 a6 4.Ba4 Nf6 5.O-O Be7 6.Re1 b5 7.Bb3 d6 8.c3 O-O 
9.a4 Bb7 10.d4 Na5 11.Bc2 c5 12.Nbd2 Nd7 13.Nf1 Bf6 14.Ne3 cxd4 15.cxd4 
exd4 16.Ng4 Re8 17.Nxd4 Bxd4 18.Qxd4 Nc5 19.Ra3 Nc6 20.Nh6+ Kf8 21.Rf3 Ne5
22.Rf5 f6 23.f4 Nc6 24.Qf2 Nb4 25.Rxc5 dxc5 26.Nf5 Nxc2 27.Qxc5+ Kg8 28.
Qxc2 Qa5 29.Bd2 Qb6+ 30.Kf1 Rad8 31.e5 fxe5 32.fxe5 Qg6 33.Ba5 Rc8 34.Qf2 
Bxg2+ 35.Qxg2 Qxf5+ 36.Kg1 Rxe5 37.Rf1 Qg5 38.axb5 Rc2 39.Qxg5 Rxg5+ 40.
Kh1 Rxb2 0-1

[Event "M.Tal memorial"]
[Site "Moscow RUS"]
[Date "1992.??.??"]
[Round "?"]
[White "Filipenko, Alexander"]
[Black "Pripis, Feliks"]
[Result "1-0"]
[WhiteElo "2375"]
[BlackElo "2320"]
[EventDate "1992.08.23"]
[PlyCount "149"]

1.e4 c5 2.Nf3 Nc6 3.d4 cxd4 4.Nxd4 e5 5.Nb5 d6 6.a4 Be7 7.N1c3 a6 8.Na3 
Nf6 9.Bg5 O-O 10.Bxf6 Bxf6 11.Bc4 Bg5 12.O-O Be6 13.Nd5 Rc8 14.c3 g6 15.
Qd3 Nb8 16.b4 Nd7 17.a5 Nf6 18.Nxf6+ Qxf6 19.Bd5 Bxd5 20.Qxd5 Rc7 21.c4 
Qe6 22.Rfd1 Qxd5 23.Rxd5 Be7 24.g3 f5 25.exf5 Rxf5 26.Kg2 Kf7 27.Re1 h5 
28.h4 Rf6 29.Re4 Re6 30.Kf3 g5 31.hxg5 Bxg5 32.Rd1 Rh6 33.Nc2 h4 34.Kg2 
hxg3 35.fxg3 Ke6 36.Nd4+ Kd7 37.Nf3 Bf6 38.c5 Bg7 39.Nxe5+ Bxe5 40.Rxe5 
Rc8 41.Red5 Rh7 42.Rxd6+ Kc7 43.Rh1 Rg7 44.Rh4 Rcg8 45.Rd3 Re8 46.Kf3 Re1 
47.Rdd4 Rf1+ 48.Kg2 Rb1 49.Rdg4 Rd7 50.Rd4 Rg7 51.Rhf4 Rb3 52.Rf3 Rb2+ 53.
Rf2 Rb3 54.g4 Rb1 55.Rf5 Re7 56.Rdf4 Re3 57.Rf3 Re2+ 58.Rf2 Re4 59.R5f4 
Rbxb4 60.Rxe4 Rxe4 61.Kh3 Ra4 62.g5 Rxa5 63.g6 Rxc5 64.g7 Rg5 65.Rg2 Rxg7 
66.Rxg7+ Kc6 67.Kg3 b5 68.Kf3 Kc5 69.Ke3 Kb4 70.Kd2 Kb3 71.Ra7 Kb2 72.Rxa6
b4 73.Rb6 b3 74.Rb8 Ka1 75.Rxb3 1-0

[Event "M.Tal memorial"]
[Site "Moscow RUS"]
[Date "1992.??.??"]
[Round "?"]
[White "Filipenko, Alexander"]
[Black "Tataev, Manach"]
[Result "0-1"]
[WhiteElo "2375"]
[BlackElo "2300"]
[EventDate "1992.08.23"]
[PlyCount "86"]

1.e4 c5 2.Ne2 d6 3.g3 g6 4.Bg2 Bg7 5.c3 Nc6 6.d4 cxd4 7.cxd4 Nf6 8.Nbc3 
O-O 9.O-O a6 10.h3 Bd7 11.Be3 Rb8 12.Qd2 b5 13.b3 b4 14.Na4 e6 15.Rac1 Ne7
16.Nb2 Bb5 17.Rc2 a5 18.Rfc1 d5 19.f3 Qb6 20.Na4 Bxa4 21.bxa4 Rbc8 22.Rxc8
Rxc8 23.Rxc8+ Nxc8 24.Qc2 Qd8 25.e5 Nd7 26.Bf1 Ndb6 27.Nc1 Bf8 28.Qc6 Nc4 
29.Bf2 Ne7 30.Qb5 Nf5 31.Bxc4 dxc4 32.Qxc4 Qg5 33.f4 Qd8 34.Nb3 h5 35.Qc6 
g5 36.d5 gxf4 37.gxf4 exd5 38.Qf6 Qc8 39.Qg5+ Bg7 40.Qxh5 Qc2 41.Qf3 Qb1+ 
42.Kg2 Qxa2 43.Nxa5 Nh4+ 0-1

[Event "M.Tal memorial"]
[Site "Moscow RUS"]
[Date "1992.??.??"]
[Round "?"]
[White "Fradkin, Boris"]
[Black "Marszalek, Rafal"]
[Result "1-0"]
[WhiteElo "2400"]
[BlackElo "2275"]
[EventDate "1992.08.23"]
[PlyCount "81"]

1.d4 e6 2.Nf3 f5 3.Bg5 Nf6 4.Nbd2 d5 5.e3 Be7 6.Bd3 Nbd7 7.Qe2 c6 8.h3 Ne4
9.Bf4 Bf6 10.h4 Nxd2 11.Qxd2 Qe7 12.c4 g6 13.g3 b6 14.Rc1 Bb7 15.cxd5 exd5
16.O-O O-O 17.Rfe1 Rfe8 18.Qc2 Kg7 19.Qa4 a5 20.Bg5 Qd6 21.a3 Rf8 22.Qb3 
b5 23.a4 b4 24.Qc2 Qe7 25.b3 Rfe8 26.Qe2 Rec8 27.Rc2 h6 28.Bxf6+ Qxf6 29.
Rec1 Rf8 30.Ne1 Rfe8 31.Qf3 Qe7 32.Bf1 Rac8 33.Nd3 Ba6 34.Nf4 Bxf1 35.Kxf1
Nb8 36.Nxd5 Qe6 37.Nb6 Rcd8 38.Nc4 g5 39.hxg5 hxg5 40.Nxa5 g4 41.Qf4 1-0

[Event "M.Tal memorial"]
[Site "Moscow RUS"]
[Date "1992.??.??"]
[Round "?"]
[White "Fradkin, Boris"]
[Black "Vaisser, Anatoli"]
[Result "0-1"]
[WhiteElo "2400"]
[BlackElo "2540"]
[EventDate "1992.08.23"]
[PlyCount "50"]

1.d4 e6 2.Nf3 f5 3.Bg5 Be7 4.Bxe7 Qxe7 5.Nbd2 Nf6 6.e3 b6 7.Bd3 Bb7 8.Qe2 
Ne4 9.O-O-O O-O 10.Rhg1 a5 11.g4 a4 12.gxf5 exf5 13.a3 Nc3 14.bxc3 Qxa3+ 
15.Kb1 Qxc3 16.Ka2 Na6 17.Rb1 Nb4+ 18.Rxb4 Qxb4 19.Ne5 Qe7 20.Qh5 Qe6+ 21.
Ka1 d6 22.Bc4 d5 23.Nef3 Qe7 24.Ng5 h6 25.Ba2 hxg5 0-1

[Event "M.Tal memorial"]
[Site "Moscow RUS"]
[Date "1992.??.??"]
[Round "?"]
[White "Glek, Igor"]
[Black "Kharitonov, Andrei"]
[Result "1-0"]
[WhiteElo "2515"]
[BlackElo "2505"]
[EventDate "1992.08.23"]
[PlyCount "99"]

1.e4 e5 2.Nf3 Nc6 3.Bb5 a6 4.Bxc6 dxc6 5.O-O f6 6.d4 exd4 7.Nxd4 c5 8.Ne2 
Qxd1 9.Rxd1 Bd7 10.Nbc3 O-O-O 11.Be3 b6 12.Rd2 Re8 13.Rad1 Bc6 14.Nf4 Bd6 
15.Nfd5 Be5 16.Bf4 Bxf4 17.Nxf4 Nh6 18.Nh5 Rhg8 19.Ng3 Nf7 20.f3 Nd6 21.b3
a5 22.Kf2 c4 23.Nd5 Bxd5 24.Rxd5 cxb3 25.cxb3 g6 26.Nf1 Re6 27.Ne3 Rge8 
28.g4 Re5 29.Kg3 Kb7 30.h4 h6 31.h5 g5 32.Rxd6 cxd6 33.Rxd6 R5e6 34.Rd7+ 
Kc6 35.Rh7 Kc5 36.Nd5 Kd4 37.Rxh6 Rf8 38.Rh7 Rc8 39.Rd7 Kc5 40.h6 f5 41.
gxf5 Rxh6 42.e5 Rh1 43.e6 Rch8 44.e7 Rg1+ 45.Kf2 Rd1 46.Nf6 Rxd7 47.Nxd7+ 
Kd6 48.Nf8 Rh2+ 49.Kg3 Re2 50.f6 1-0

[Event "M.Tal memorial"]
[Site "Moscow RUS"]
[Date "1992.??.??"]
[Round "?"]
[White "Glek, Igor"]
[Black "Tataev, Manach"]
[Result "1-0"]
[WhiteElo "2515"]
[BlackElo "2300"]
[EventDate "1992.08.23"]
[PlyCount "81"]

1.d4 Nf6 2.c4 c5 3.d5 e6 4.Nc3 exd5 5.cxd5 d6 6.e4 g6 7.f4 Bg7 8.Bb5+ Nfd7
9.Nf3 O-O 10.O-O a6 11.Bd3 b5 12.Kh1 Nb6 13.f5 b4 14.Ne2 a5 15.Bg5 Bf6 16.
Qd2 Ra7 17.Qf4 Bxg5 18.Nxg5 h6 19.Nh3 g5 20.Qg3 Qf6 21.Nf2 Rd8 22.Ng4 Qh8 
23.e5 N8d7 24.f6 Nxe5 25.Nxe5 dxe5 26.Qxe5 Nxd5 27.Rad1 Be6 28.Bf5 Bxf5 
29.Qxf5 Rad7 30.Ng3 Qh7 31.Qe5 Qc2 32.Rc1 Qd3 33.Nf5 Kh7 34.h4 Nf4 35.hxg5
hxg5 36.Rxf4 gxf4 37.Qxf4 Kg6 38.Rxc5 Re8 39.Qg4+ Kxf6 40.Qg7+ Ke6 41.Qe5#
1-0

[Event "M.Tal memorial"]
[Site "Moscow RUS"]
[Date "1992.??.??"]
[Round "?"]
[White "Glek, Igor"]
[Black "Yilmaz, Turhan"]
[Result "1/2-1/2"]
[WhiteElo "2515"]
[BlackElo "2390"]
[EventDate "1992.08.23"]
[PlyCount "91"]

1.d4 f5 2.Nf3 Nf6 3.Bg5 Ne4 4.h4 c5 5.e3 Qb6 6.Qc1 Nxg5 7.hxg5 g6 8.Nc3 
Bg7 9.Nd5 Qd6 10.Nf4 cxd4 11.exd4 Bxd4 12.Nxd4 Qxd4 13.Rh3 Nc6 14.c3 Qg7 
15.Qe3 Qe5 16.Nxg6 Qxe3+ 17.fxe3 Rg8 18.Nf4 Rxg5 19.Rxh7 e6 20.O-O-O Kf8 
21.Bb5 Rg7 22.Rh8+ Ke7 23.Be2 b6 24.Bh5 Bb7 25.Ng6+ Kf6 26.Nf8 Ne5 27.Bf3 
Nxf3 28.gxf3 Bxf3 29.Rxd7 Rxd7 30.Nxd7+ Ke7 31.Rxa8 Bxa8 32.Ne5 Kd6 33.
Nc4+ Kd5 34.Nd2 Ke5 35.Kd1 Bb7 36.Ke2 Bc6 37.Kd3 Bb5+ 38.c4 Bc6 39.Ke2 a5 
40.b3 Kd6 41.Kd3 Kc5 42.Kc3 b5 43.cxb5 Bxb5 44.a3 e5 45.b4+ axb4+ 46.axb4+
1/2-1/2

[Event "M.Tal memorial"]
[Site "Moscow RUS"]
[Date "1992.??.??"]
[Round "?"]
[White "Gorbatov, Alexei"]
[Black "Arkhipov, Sergei"]
[Result "1/2-1/2"]
[WhiteElo "2380"]
[BlackElo "2515"]
[EventDate "1992.08.23"]
[PlyCount "50"]

1.d4 Nf6 2.Nf3 b6 3.c4 e6 4.g3 Ba6 5.b3 Bb4+ 6.Bd2 Be7 7.Bg2 c6 8.Bc3 d5 
9.Nbd2 Nbd7 10.O-O O-O 11.Re1 c5 12.e4 dxc4 13.Nxc4 b5 14.Nce5 Bb7 15.Nxd7
Qxd7 16.Ne5 Qc7 17.Qd2 cxd4 18.Bxd4 Rfd8 19.Qe3 Ba3 20.Rad1 Rac8 21.h3 Bb4
22.Rf1 Bf8 23.Nd3 Rd7 24.Ne5 Rdd8 25.Nd3 Rd7 1/2-1/2

[Event "M.Tal memorial"]
[Site "Moscow RUS"]
[Date "1992.??.??"]
[Round "?"]
[White "Gorbatov, Alexei"]
[Black "Makarichev, Sergei"]
[Result "0-1"]
[WhiteElo "2380"]
[BlackElo "2530"]
[EventDate "1992.08.23"]
[PlyCount "58"]

1.c4 e5 2.g3 Nf6 3.Bg2 d5 4.cxd5 Nxd5 5.Nc3 Nb6 6.d3 Be7 7.Be3 O-O 8.Rc1 
Re8 9.a3 Bf8 10.Qc2 c6 11.Nf3 Bf5 12.Rd1 Qc8 13.h3 h6 14.Bc1 c5 15.Na4 Nc6
16.Nxb6 axb6 17.e3 e4 18.dxe4 Bxe4 19.Qc4 Nd4 20.Nh4 b5 21.Qf1 Nc2+ 22.Ke2
Nd4+ 23.Kd2 Nb3+ 24.Ke1 Qc6 25.Bxe4 Qxe4 26.Qg2 Qb1 27.Qd5 Nxc1 28.Qd2 Qe4
29.f3 Qxe3+ 0-1

[Event "M.Tal memorial"]
[Site "Moscow RUS"]
[Date "1992.??.??"]
[Round "?"]
[White "Gorbatov, Alexei"]
[Black "Savon, Vladimir"]
[Result "1/2-1/2"]
[WhiteElo "2380"]
[BlackElo "2440"]
[EventDate "1992.08.23"]
[PlyCount "61"]

1.c4 Nf6 2.Nc3 e5 3.Nf3 Nc6 4.a3 e4 5.Ng5 Qe7 6.d3 exd3 7.Qxd3 Ne5 8.Qc2 
c6 9.e4 d6 10.f4 Ned7 11.Be3 g6 12.O-O-O Bg7 13.Qd2 h6 14.Nf3 Nxe4 15.Nxe4
Qxe4 16.Bd3 Qe7 17.Rhe1 O-O 18.f5 Ne5 19.Nxe5 dxe5 20.fxg6 fxg6 21.Bxg6 
Bg4 22.Qd6 Qh4 23.g3 Qh3 24.Rd2 Rf1 25.Rxf1 Qxf1+ 26.Kc2 Qxc4+ 27.Kb1 Qf1+
28.Kc2 Qc4+ 29.Kb1 Qf1+ 30.Ka2 Qc4+ 31.Kb1 1/2-1/2

[Event "M.Tal memorial"]
[Site "Moscow RUS"]
[Date "1992.??.??"]
[Round "?"]
[White "Gufeld, Eduard"]
[Black "Gorbatov, Alexei"]
[Result "1/2-1/2"]
[WhiteElo "2490"]
[BlackElo "2380"]
[EventDate "1992.08.23"]
[PlyCount "80"]

1.e4 e5 2.Nf3 Nc6 3.Bb5 Nf6 4.O-O Nxe4 5.d4 Nd6 6.Bxc6 dxc6 7.dxe5 Nf5 8.
Qxd8+ Kxd8 9.Nc3 Ke8 10.h3 h5 11.Bg5 Be7 12.Rad1 Be6 13.Rd2 Rd8 14.Rxd8+ 
Kxd8 15.Rd1+ Ke8 16.Bxe7 Kxe7 17.Ng5 h4 18.Ne2 g6 19.Nf4 Ng7 20.Kf1 Bf5 
21.Rd2 Ne6 22.Nfxe6 Bxe6 23.b3 a5 24.Ke2 Bd5 25.Ke3 b5 26.f3 f6 27.exf6+ 
Kxf6 28.Kf4 Rh5 29.Ne4+ Bxe4 30.fxe4 Rg5 31.Re2 c5 32.c4 c6 33.Rd2 Rg3 34.
Rd6+ Ke7 35.Rxc6 bxc4 36.bxc4 Rxg2 37.Rxc5 Rxa2 38.Kg4 Re2 39.Rxa5 Rxe4+ 
40.Kg5 Rxc4 1/2-1/2

[Event "M.Tal memorial"]
[Site "Moscow RUS"]
[Date "1992.??.??"]
[Round "?"]
[White "Gufeld, Eduard"]
[Black "Minasian, Artashes"]
[Result "0-1"]
[WhiteElo "2490"]
[BlackElo "2545"]
[EventDate "1992.08.23"]
[PlyCount "80"]

1.g3 e5 2.c4 f5 3.Bg2 Nf6 4.e3 c6 5.Ne2 d5 6.b3 Be6 7.Bb2 Bd6 8.d3 Qe7 9.
O-O Nbd7 10.Nbc3 a6 11.cxd5 cxd5 12.e4 dxe4 13.dxe4 f4 14.gxf4 exf4 15.Nd4
Ne5 16.Nd5 Nxd5 17.Nxe6 Nc3 18.Qh5+ g6 19.Qh3 Ne2+ 20.Kh1 Kf7 21.Nd4 Nxd4 
22.Bxd4 Kg7 23.Rfd1 Rad8 24.Qc3 Rhf8 25.Rac1 Rf6 26.f3 Bb8 27.Bc5 Rc6 28.
Rd5 Bd6 29.Rcd1 Bxc5 30.Rxd8 Bd6 31.Qxc6 bxc6 32.R8xd6 Qa7 33.Re6 Qc5 34.
h4 Kf7 35.Rdd6 Qc3 36.Kh2 Nxf3+ 37.Bxf3 Qxf3 38.Rf6+ Kg7 39.e5 Qf2+ 40.Kh1
f3 0-1

[Event "M.Tal memorial"]
[Site "Moscow RUS"]
[Date "1992.??.??"]
[Round "?"]
[White "Kharitonov, Andrei"]
[Black "Samarin, Igor"]
[Result "1/2-1/2"]
[WhiteElo "2505"]
[BlackElo "2400"]
[EventDate "1992.08.23"]
[PlyCount "118"]

1.d4 d5 2.c4 c6 3.e3 Nf6 4.Nc3 g6 5.Nf3 Bg7 6.Bd3 O-O 7.O-O Bg4 8.h3 Bxf3 
9.Qxf3 Qd6 10.Rd1 Nbd7 11.Qe2 Rfd8 12.cxd5 cxd5 13.b3 Rac8 14.Bb2 a6 15.
Rac1 Nb6 16.Qe1 Qb4 17.Ne2 Qxe1+ 18.Rxe1 Rxc1 19.Rxc1 Rc8 20.g4 e6 21.f3 
Rxc1+ 22.Bxc1 Nfd7 23.Kf2 Nb8 24.Bb1 Nc6 25.Nf4 Nd7 26.Nd3 Bf8 27.Ke2 Bd6 
28.Bb2 Kf8 29.a3 Ke8 30.b4 Kd8 31.Nc5 Kc8 32.e4 a5 33.Nxd7 Kxd7 34.b5 Na7 
35.a4 Nc8 36.Bc3 b6 37.Ba2 Ne7 38.e5 Ba3 39.Bd2 Ng8 40.Bb1 Be7 41.Bf4 Bh4 
42.Bh2 Ne7 43.Ke3 Be1 44.Bc2 Ke8 45.Bf4 Bh4 46.Bh2 Be1 47.f4 Kd7 48.Kf3 
Bh4 49.Bg1 Be1 50.Be3 Bh4 51.Bd2 Ng8 52.f5 Ne7 53.f6 Nc8 54.Be3 Ke8 55.Bf2
Bxf2 56.Kxf2 h6 57.g5 h5 58.Kg3 Kf8 59.Bd1 Na7 1/2-1/2